| 000 -LEADER |
| fixed length control field |
02286cam a22004097a 4500 |
| 001 - CONTROL NUMBER |
| control field |
17082384 |
| 003 - CONTROL NUMBER IDENTIFIER |
| control field |
Nust- CAS-E |
| 005 - DATE AND TIME OF LATEST TRANSACTION |
| control field |
20180118181356.0 |
| 008 - FIXED-LENGTH DATA ELEMENTS--GENERAL INFORMATION |
| fixed length control field |
111213s2011 nyua b 001 0 eng d |
| 010 ## - LIBRARY OF CONGRESS CONTROL NUMBER |
| LC control number |
2011275414 |
| 016 7# - NATIONAL BIBLIOGRAPHIC AGENCY CONTROL NUMBER |
| Record control number |
015829913 |
| Source |
Uk |
| 020 ## - INTERNATIONAL STANDARD BOOK NUMBER |
| International Standard Book Number |
9780071752978 |
| 020 ## - INTERNATIONAL STANDARD BOOK NUMBER |
| International Standard Book Number |
0071752978 |
| 035 ## - SYSTEM CONTROL NUMBER |
| System control number |
(OCoLC)ocn692290271 |
| 040 ## - CATALOGING SOURCE |
| Original cataloging agency |
BTCTA |
| Language of cataloging |
eng |
| Transcribing agency |
BTCTA |
| Modifying agency |
YDXCP |
| -- |
UKMGB |
| -- |
BWX |
| -- |
BKX |
| -- |
COO |
| -- |
CUV |
| -- |
CDX |
| -- |
MUU |
| -- |
DLC |
| 042 ## - AUTHENTICATION CODE |
| Authentication code |
lccopycat |
| 050 00 - LIBRARY OF CONGRESS CALL NUMBER |
| Classification number |
TJ260 |
| Item number |
.H96 2011 |
| 082 04 - DEWEY DECIMAL CLASSIFICATION NUMBER |
| Classification number |
621.199 |
| Edition number |
23 |
| Author Mark |
HYM 2011 |
| 100 1# - MAIN ENTRY--PERSONAL NAME |
| Personal name |
Hyman, Lucas B. |
| 245 10 - TITLE STATEMENT |
| Title |
Sustainable thermal storage systems : |
| Remainder of title |
planning, design, and operations / |
| Statement of responsibility, etc. |
Lucas B. Hyman. |
| 246 1# - VARYING FORM OF TITLE |
| Title proper/short title |
Practical guide to sustainable thermal storage systems |
| 260 ## - PUBLICATION, DISTRIBUTION, ETC. |
| Place of publication, distribution, etc. |
New York : |
| Name of publisher, distributor, etc. |
McGraw-Hill, |
| Date of publication, distribution, etc. |
c2011. |
| 300 ## - PHYSICAL DESCRIPTION |
| Extent |
xii, 308 p. : |
| Other physical details |
ill. ; |
| Dimensions |
25 cm. |
| 504 ## - BIBLIOGRAPHY, ETC. NOTE |
| Bibliography, etc. note |
Includes bibliographical references (p. 283-285) and index. |
| 505 0# - FORMATTED CONTENTS NOTE |
| Formatted contents note |
1. Overview -- 2. Applicability of thermal storage systems -- 3. Types of thermal storage systems -- 4. Sensible thermal storage systems -- 5. Latent thermal storage systems -- 6. Heating thermal storage systems -- 7. Thermal storage system sizing -- 8. Conducting a thermal storage feasibility study -- 9. Thermal storage design applications -- 10. Thermal storage tank specifications -- 11. Thermal storage operating and control strategies -- 12. Commissioning of thermal storage systems -- 13. Sustainable thermal storage operations -- 14. Chilled water thermal storage case study -- 15. Ice thermal storage case study. |
| 650 #0 - SUBJECT ADDED ENTRY--TOPICAL TERM |
| Topical term or geographic name entry element |
Heat storage. |
| 650 #0 - SUBJECT ADDED ENTRY--TOPICAL TERM |
| Topical term or geographic name entry element |
Heat engineering. |
| 650 #0 - SUBJECT ADDED ENTRY--TOPICAL TERM |
| Topical term or geographic name entry element |
Cogeneration of electric power and heat. |
| 650 #0 - SUBJECT ADDED ENTRY--TOPICAL TERM |
| Topical term or geographic name entry element |
Sustainable buildings |
| General subdivision |
Heating and ventilation. |
| 650 #0 - SUBJECT ADDED ENTRY--TOPICAL TERM |
| Topical term or geographic name entry element |
Sustainable buildings |
| General subdivision |
Design and construction. |
| 856 42 - ELECTRONIC LOCATION AND ACCESS |
| Materials specified |
Contributor biographical information |
| Uniform Resource Identifier |
<a href="http://www.loc.gov/catdir/enhancements/fy1205/2011275414-b.html">http://www.loc.gov/catdir/enhancements/fy1205/2011275414-b.html</a> |
| 856 42 - ELECTRONIC LOCATION AND ACCESS |
| Materials specified |
Publisher description |
| Uniform Resource Identifier |
<a href="http://www.loc.gov/catdir/enhancements/fy1205/2011275414-d.html">http://www.loc.gov/catdir/enhancements/fy1205/2011275414-d.html</a> |
| 856 41 - ELECTRONIC LOCATION AND ACCESS |
| Materials specified |
Table of contents only |
| Uniform Resource Identifier |
<a href="http://www.loc.gov/catdir/enhancements/fy1205/2011275414-t.html">http://www.loc.gov/catdir/enhancements/fy1205/2011275414-t.html</a> |
| 906 ## - LOCAL DATA ELEMENT F, LDF (RLIN) |
| a |
7 |
| b |
cbc |
| c |
copycat |
| d |
2 |
| e |
ncip |
| f |
20 |
| g |
y-gencatlg |
| 942 ## - ADDED ENTRY ELEMENTS (KOHA) |
| Source of classification or shelving scheme |
|
| Koha item type |
Book |